02033nkc a22003017a 45000010006000000050017000060070007000230080041000300400024000711000048000952450108001432600033002513000059002845000204003435000133005475000094006805000220007746510036009946550040010307000037010708520021011078560150011288560150012789420020014289520133014489520133015819990017017148585820260430100807.0kh bo 260430s1915 sp ||||| |||| |0| i|spa d aM-RABAbspacM-RABA1 aRoig Villalonga, Juana (d1877-1941)94253511a[Vistas de Oliteb: Iglesia de Santa María y Alcázar de los Reyes]c/ J. Roigh[Material gráfico] aMadridb: J. Roigc[ca.1915] a2 fotografíasb: aristotipoc, imagen 15,5 x 21,5 cm00aConjunto de dos imágenes que representan diferentes vistas de Olite, en Navarra, correspondientes a la portada de la Iglesia de Santa María y una vista general del antiguo Alcázar de los Reyes.00aFot-822: OLITE (Navarra)- Iglesia de Santa María. Puerta Fot-823: OLITE (Navarra)- Antiguo Alcázar de los reyes de Navarra. 00aOriginales de Laurent conservados en el IPCE. Número de inventario: VN-01132 y VN-0124100aSello a tinta en el verso: "J. Roig. Madrid. Carrera y Jerónimo, 58". Corresponde a Juana Roig Villalonga, encargada del negocio de Juan Laurent entre 1915 y 1930. Fecha tomada de la época en activo de J. Roig.  7aOlite (Navarra, España)98884 0aFotografías de monumentos91115801 aLaurent, J. (d1816-1886)955737 jFot-822; Fot-823 uhttps://archivoybiblioteca.realacademiabellasartessanfernando.com/cgi-bin/koha/opac-retrieve-file.pl?id=a26ffda778db3add87c0237e0db94678yFot-822 uhttps://archivoybiblioteca.realacademiabellasartessanfernando.com/cgi-bin/koha/opac-retrieve-file.pl?id=13f20047b2d7dc1d14144ec61c74144eyFot-823 cFOTOGRAFÍAn0 00102ddc40708FOTOGRAFIAaRABASFbRABASFcDP2d2026-04-30l0oFot-822p1097160r2026-04-30 10:08:26w2026-04-30yFOTOGRAFÍA 00102ddc40708FOTOGRAFIAaRABASFbRABASFcDP2d2026-04-30l0oFot-823p1097161r2026-04-30 10:08:26w2026-04-30yFOTOGRAFÍA c85858d85858